Southville International School and Colleges
Your cart is empty.
  • Cart
  • Lists
    Public lists Eva Luna New books Lux_list list_1
    Your lists Log in to create your own lists
  • Log in to your account
  • Your cookies
  • Search history
Southville International School and Colleges
  • Advanced search
  • Recent comments
  • Most popular
  • Libraries

Log in to your account

Log in with GOOGLE


If you do not have an external account, but do have a local account, you can still log in:

  1. Home
  2. MARC view: The dark is rising /
Normal view MARC view ISBD view

The dark is rising / (Record no. 11512)

[ view plain ]
MARC details
000 -LEADER
fixed length control field 01005cam a2200361 4500
001 - CONTROL NUMBER
control field 3134187
003 - CONTROL NUMBER IDENTIFIER
control field OSt
005 - DATE AND TIME OF LATEST TRANSACTION
control field 20140310182257.0
008 - FIXED-LENGTH DATA ELEMENTS--GENERAL INFORMATION
fixed length control field 730713s1973 nyua j 000 1 eng
010 ## - LIBRARY OF CONGRESS CONTROL NUMBER
LC control number 72085916
020 ## - INTERNATIONAL STANDARD BOOK NUMBER
International Standard Book Number 0590433199
040 ## - CATALOGING SOURCE
Original cataloging agency DLC
Transcribing agency DLC
Modifying agency DLC
042 ## - AUTHENTICATION CODE
Authentication code lcac
050 00 - LIBRARY OF CONGRESS CALL NUMBER
Classification number PZ 7
Item number .C7878 1939
082 00 - DEWEY DECIMAL CLASSIFICATION NUMBER
Classification number FIC
Item number C78d 1973
100 1# - MAIN ENTRY--PERSONAL NAME
Personal name Cooper, Susan,
Dates associated with a name 1935-
9 (RLIN) 20449
245 14 - TITLE STATEMENT
Title The dark is rising /
Statement of responsibility, etc Susan Cooper.
250 ## - EDITION STATEMENT
Edition statement [1st ed.]
260 ## - PUBLICATION, DISTRIBUTION, ETC. (IMPRINT)
Place of publication, distribution, etc New York :
Name of publisher, distributor, etc Atheneum,
Date of publication, distribution, etc 1973.
300 ## - PHYSICAL DESCRIPTION
Extent 216 p. :
Dimensions 17 cm.
350 ## - PRICE (NR) (BK AM CF MU VM SE) [OBSOLETE]
Price $5.95
490 0# - SERIES STATEMENT
Series statement The Dark is rising sequence
650 #1 - SUBJECT ADDED ENTRY--TOPICAL TERM
Topical term or geographic name as entry element Fantasy.
9 (RLIN) 3293
650 #1 - SUBJECT ADDED ENTRY--TOPICAL TERM
Topical term or geographic name as entry element Good and evil
Form subdivision Fiction.
9 (RLIN) 20450
651 #1 - SUBJECT ADDED ENTRY--GEOGRAPHIC NAME
Geographic name England
Form subdivision Fiction.
9 (RLIN) 20451
655 #7 - INDEX TERM--GENRE/FORM
Genre/form data or focus term Juvenile literature
Chronological subdivision 1973.
Source of term rbgenr
9 (RLIN) 20452
700 1# - ADDED ENTRY--PERSONAL NAME
Personal name Cober, Alan E.,
Relator term illus.
9 (RLIN) 20453
906 ## - LOCAL DATA ELEMENT F, LDF (RLIN)
a 7
b cbc
c orignew
d 2
e opcn
f 19
g y-gencatlg
942 ## - ADDED ENTRY ELEMENTS (KOHA)
Source of classification or shelving scheme Library of Congress Classification
Koha item type
Holdings
Withdrawn status Lost status Source of classification or shelving scheme Damaged status Home library Current library Shelving location Date acquired Total Checkouts Full call number Barcode Date last seen Copy number Price effective from Koha item type
    Library of Congress Classification   Luxembourg Library Luxembourg Library Fiction Section 09/17/2013   PZ 7 .C7878 1939 5992 05/27/2015 1 09/17/2013 Books

The dark is rising /

APA

Cooper S., Cober A. E., . (1973). The dark is rising. New York: Atheneum.

Chicago

Cooper Susan, Cober Alan E, . 1973. The dark is rising. New York: Atheneum.

Harvard

Cooper S., Cober A. E., . (1973). The dark is rising. New York: Atheneum.

MLA

Cooper Susan, Cober Alan E, . The dark is rising. New York: Atheneum. 1973.

  • Place hold
  • Print
  • Cite
  • Add to your cart (remove)
  • Save record
    BIBTEX Dublin Core MARCXML MARC (non-Unicode/MARC-8) MARC (Unicode/UTF-8) MARC (Unicode/UTF-8, Standard) MODS (XML) RIS
  • More searches
    Search for this title in:
    Other Libraries (WorldCat) Other Databases (Google Scholar) Online Stores (Bookfinder.com) Open Library (openlibrary.org)

Exporting to Dublin Core...

SOUTHVILLE LIBRARY

Southville International School and Colleges Library

1281 Tropical Ave. Cor. Luxembourg St., BF Homes International, Las Pinas City

Tel. No. 8256374 / 252358 Loc. 117/146

Powered by Koha